Житие и страдание св. великомученицы Екатерины

RUSMARC
00005003cac2a2200000 x 450
001bb8fdf1d-1b1f-4425-baf4-a5652dde4c27
00520160519172728.0
100##$a20160215l18941894k l0rusy0189 ca
1010#$arus
102##$aRU
2001#$aЖитие и страдание св. великомученицы Екатерины
251##$cДело
205##$aИздание 2-е
801#0$aRU
$bРГИА
$c20160215
$gRCR
801#1$aRU
$bГлавНИВЦ
$c20160215
$2rusmarc
801#2$aRU
$bПБ им. Б.Н. Ельцина
$c20160328
$gRCR
$2rusmarc
850##$aРГИА
852##$aРГИА
$eФедеральное казенное учреждение "Российский государственный исторический архив" (РГИА)
$j5157
937##$hРГИА
$d12201252
$aASBIBLIO_SCAN
215##$a37 с.
$d18х12 см
$cил.
105##$aa###
1222#$ad
2101#$aМосква
$cТипография И. Ермакова
$d1894
461#0$10012640edd5-2044-417d-b282-4ec02c959e00
$12001
$aДублетный фонд НСБ
$1251
$cФонд
$1852
$j0
462#0$100101f3c915-c163-4bd9-8823-fd1c871481a4
$12001
$aДублетный фонд Библиотеки
$vД. 5157
$1251
$cОпись
$1852
$j1
$lД
035##$abb8fdf1d-1b1f-4425-baf4-a5652dde4c27
600#0$2nlr_sh
$3RU\NLR\AUTH\661387166
$aЕкатерина Александрийская
$cсвятая
$f- ок. 307
605##$2acquisition_Prlib
$3DITM\AF\0000003834
$aНарод
$lколлекция
605##$2acquisition_prlib
$3LIBNET\UAF\0000061920
$aСинод в истории российской государственности
$lколлекция
6061#$2nlr_sh
$3RU\NLR\AUTH\6613804
$aЖития святых
686##$2rubbk
$a86.372.24-43
$vLBC/M
686##$2rubbk
$a86.372.24-574.3
$vLBC/M
53212$aжитие и страдание святой великомученицы Екатерины
8564#$uhttp://www.prlib.ru/Lib/pages/item.aspx?itemid=138274
Формат отображения